01196cam a22002897a 45000010009000000050017000090080041000260200018000670200015000850400068001000820019001682450147001872600069003343000033004034900077004365000024005135040041005375410019005786500038005976500042006356510010006776530025006877000036007129420008007489990017007569520133007731801635920201128023626.0140123t2014 enka frb 001 0 eng d a9780857096609 a0857096605 aBTCTAbengcBTCTAdBDXdUKMGBdYDXCPdOCLCOdCUIdDLCdEG-ScBUE04a620.5222bNAN00aNanosensors for chemical and biological applications :bsensing with nanotubes, nanowires and nanoparticles /cedited by Kevin C. Honeychurch. aCambridge ;aWaltham :bWoodhead Publishing / Elsevier,cc.2014. axx, 352 p. :bill. ;c24 cm.0 aWoodhead Publishing series in electronic and optical materials ;vno. 61 aIndex : p. 339-352. aIncludes bibliographical references. aBUE book fair. 0aChemical detectors.2BUEsh927582 7aNanostructured materials.2BUEsh9518 2BUEsh bENGGENcDecember20151 aHoneychurch, Kevin C.,eeditor. 2ddc c21110d21082 00102ddc40708sphinxaMAINbMAINc1STd2015-12-10ePurchaseg1725.00h70059l0o620.5 NANp000031510r2025-07-15 00:00:00yBB